Giáo trình ngữ âm tiếng Việt
Gồm 8 chương: Dẫn luận; Âm tố trong tiếng Việt; Âm vị trong tiếng Việt; Âm tiết trong tiếng Việt; Phụ âm đầu trong tiếng Việt; Các yếu tố của phần vần trong tiếng Việt; Các hiện tượng ngôn điệu trong tiếng Việt; Chính âm, chữ viết...
Spremljeno u:
| Glavni autor: | |
|---|---|
| Format: | Knjiga |
| Jezik: | Undetermined |
| Izdano: |
Cần Thơ
Đại học Cần Thơ
2017
|
| Teme: | |
| Oznake: |
Dodaj oznaku
Bez oznaka, Budi prvi tko označuje ovaj zapis!
|
| Thư viện lưu trữ: | Trung tâm Học liệu Trường Đại học Cần Thơ |
|---|
| LEADER | 01100nam a2200217Ia 4500 | ||
|---|---|---|---|
| 001 | CTU_229679 | ||
| 008 | 210402s9999 xx 000 0 und d | ||
| 020 | |c 88000 | ||
| 082 | |a 495.922 | ||
| 082 | |b D304 | ||
| 100 | |a Nguyễn, Thúy Diễm | ||
| 245 | 0 | |a Giáo trình ngữ âm tiếng Việt | |
| 245 | 0 | |c Nguyễn Thúy Diễm, Nguyễn Minh Ca, Ngô Thị Minh Hiếu (Biên soạn) | |
| 260 | |a Cần Thơ | ||
| 260 | |b Đại học Cần Thơ | ||
| 260 | |c 2017 | ||
| 520 | |a Gồm 8 chương: Dẫn luận; Âm tố trong tiếng Việt; Âm vị trong tiếng Việt; Âm tiết trong tiếng Việt; Phụ âm đầu trong tiếng Việt; Các yếu tố của phần vần trong tiếng Việt; Các hiện tượng ngôn điệu trong tiếng Việt; Chính âm, chữ viết và chính tả tiếng Việt. | ||
| 650 | |a Tiếng việt,Vietnamese language | ||
| 650 | |x Ngữ âm,Phonetics | ||
| 910 | |b nthai | ||
| 980 | |a Trung tâm Học liệu Trường Đại học Cần Thơ | ||